000 00287nam a2200133Ia 4500
008 230312s9999||||xx |||||||||||||| ||und||
082 _a330.954
_bIQB-E
100 _aIqbal;Irfan
245 0 _aEconomics Of Pakistan
260 _aPK
300 _a325
650 _aEconomics
942 _cBK
999 _c4208
_d4208